000 02118nam0a2200409 4500
001 RU\NLR\bibl\954204
005 20260408064112.0
010 _a5-7595-1662-0
_95000
021 _aRU
_b2006-18196
_9908
035 _a(nilc)RSL-KNO-002865193
035 _a(NLR Aleph) 000942285
090 _a227455
_c227455
100 _a20060414d2005 |||y0rusy50 ca
101 0 _arus
102 _aRU
105 _aa |||||||||
106 _ar
200 1 _aВсе о Мордовии
_eэнцикл. справ.
_f[Федер. целевая прогр. "Культура России" (подпрогр. "Поддержка полиграфии и книгоизд. России")
_gсост. Крутов Николай Сергеевич и др.
_gред. Е. Голубчик и др.]
210 _aСаранск
_cМорд. кн. изд-во
_d2005
215 _a836 с.
_cил., цв. ил., портр., карт.
_d27
320 _aБиблиогр.: с. 819-828
607 _aМордовия, Республика
_jЭнциклопедии
_92081255
_3RU\NLR\auth\661257232
610 0 _aНауки о Земле (геодезические, геофизические, геологические и географические науки) -- Региональный раздел наук о Земле -- Российская Федерация -- Мордовия -- Краеведческая характеристика -- Энциклопедия
686 _aД9(2Р351-6Мо)0я20
_2rubbk
686 _aД890(2Р351-6Мо)я20
686 _aТ3(2Р-6Мо)я2
702 1 _aКрутов
_bН. С.
_gНиколай Сергеевич
_4220
702 1 _aГолубчик
_bЕ. М.
_gЕлена Михайловна
_4340
712 0 2 _4570
_a"Культура России", федеральная целевая программа
_9579959
_3RU\NLR\AUTH\8810040429
801 0 _aRU
_bРКП
_c20060414
_grcr
801 1 _aRU
_bРГБ
_c20060414
801 2 _aRU
_bNLR
_c20060529
_grcr
830 _aСост. и ред. по кн.
942 _cBOOK
980 _aNB
980 _aNBR